INTRODUCTORY TECHNOLOGY IN ACTION / (Record no. 617196)

000 -LEADER
fixed length control field 00363nam a22001457a 4500
020 ## - INTERNATIONAL STANDARD BOOK NUMBER
Qualifying information PB.
040 ## - CATALOGING SOURCE
Transcribing agency FIZZA ISHAQ
082 ## - DEWEY DECIMAL CLASSIFICATION NUMBER
Classification number 004.16
Author Mark ALA
100 ## - MAIN ENTRY--PERSONAL NAME
Personal name EVANS,ALAN.
9 (RLIN) 134223
245 ## - TITLE STATEMENT
Title INTRODUCTORY TECHNOLOGY IN ACTION /
Statement of responsibility, etc. ALAN EVANS.
250 ## - EDITION STATEMENT
Edition statement 6th ED.
260 ## - PUBLICATION, DISTRIBUTION, ETC.
Place of publication, distribution, etc. NEW YORK ;
Name of publisher, distributor, etc. PEARSON,
Date of publication, distribution, etc. 2010.
300 ## - PHYSICAL DESCRIPTION
Extent 521 P. ;
Dimensions 11.2X8.9IN
942 ## - ADDED ENTRY ELEMENTS (KOHA)
Source of classification or shelving scheme
Koha item type Book
Holdings
Withdrawn status Lost status Source of classification or shelving scheme Damaged status Not for loan Permanent Location Current Location Shelving location Date acquired Total Checkouts Full call number Barcode Date last seen Price effective from Koha item type
          NUST Baluchistan Campus (NBC) NUST Baluchistan Campus (NBC) Text Books 04/21/2026   004.16 ALA QD-385 04/21/2026 04/21/2026 Book
© 2023 Central Library, National University of Sciences and Technology. All Rights Reserved.